Şairler sultanı Necip Fazıl (Record no. 7710)

000 -LEADER
fixed length control field 00954nmm a2200265 a 4500
001 - CONTROL NUMBER
control field ocm000660878
003 - CONTROL NUMBER IDENTIFIER
control field TR-IsHL
005 - DATE AND TIME OF LATEST TRANSACTION
control field 20201028141233.0
008 - FIXED-LENGTH DATA ELEMENTS--GENERAL INFORMATION
fixed length control field 131226s2005 tu tur
007 - PHYSICAL DESCRIPTION FIXED FIELD--GENERAL INFORMATION
fixed length control field cr cn
020 ## - INTERNATIONAL STANDARD BOOK NUMBER
International Standard Book Number 9789757594260
035 ## - SYSTEM CONTROL NUMBER
System control number 660878
-- (N$T)
050 04 - LIBRARY OF CONGRESS CALL NUMBER
Classification number PL248.K57
Item number Z711 2005
090 04 - LOCALLY ASSIGNED LC-TYPE CALL NUMBER (OCLC); LOCAL CALL NUMBER (RLIN)
Classification number (OCLC) (R) ; Classification number, CALL (RLIN) (NR) PL248.K57
Local cutter number (OCLC) ; Book number/undivided call number, CALL (RLIN) Z711 2005
100 1# - MAIN ENTRY--PERSONAL NAME
Personal name Kabaklı, Ahmet
245 10 - TITLE STATEMENT
Title Şairler sultanı Necip Fazıl
Medium [electronic resource] /
Statement of responsibility, etc. Ahmet Kabaklı
260 ## - PUBLICATION, DISTRIBUTION, ETC.
Place of publication, distribution, etc. İstanbul :
Name of publisher, distributor, etc. Türk Edebiyatı Vakfı Yayınları,
Date of publication, distribution, etc. 2005
300 ## - PHYSICAL DESCRIPTION
Extent 176 p.
650 #4 - SUBJECT ADDED ENTRY--TOPICAL TERM
Topical term or geographic name entry element Dil ve Edebiyat
650 #4 - SUBJECT ADDED ENTRY--TOPICAL TERM
Topical term or geographic name entry element Language and Literature
650 #0 - SUBJECT ADDED ENTRY--TOPICAL TERM
Topical term or geographic name entry element Kısakürek, Necip Fâzıl, 1905-1983
General subdivision Eleştiri ve yorum
650 #0 - SUBJECT ADDED ENTRY--TOPICAL TERM
Topical term or geographic name entry element Kısakürek, Necip Fâzıl, 1905-1983
General subdivision Criticism and interpretation
650 #7 - SUBJECT ADDED ENTRY--TOPICAL TERM
Topical term or geographic name entry element BIOGRAPHY & AUTOBIOGRAPHY / Literary
Source of heading or term bisacsh
856 40 - ELECTRONIC LOCATION AND ACCESS
Uniform Resource Identifier <a href="http://search.ebscohost.com/login.aspx?direct=true&scope=site&db=e011xww&AN=660878">http://search.ebscohost.com/login.aspx?direct=true&scope=site&db=e011xww&AN=660878</a>
Holdings
Withdrawn status Lost status Source of classification or shelving scheme Damaged status Not for loan Collection code Permanent Location Current Location Date acquired Total Checkouts Full call number Barcode Date last seen Price effective from Koha item type
        Online   Kıbrıs Amerikan Üniversitesi Kütüphanesi / American University of Cyprus Kıbrıs Amerikan Üniversitesi Kütüphanesi / American University of Cyprus 28.10.2020   PL248.K57 Z711 2005 660878 28.10.2020 28.10.2020 E-Kitap
Devinim Yazılım Eğitim Danışmanlık tarafından Koha'nın orjinal sürümü uyarlanarak geliştirilip kurulmuştur.